000 00640cam a2200205 a 4500
001 000004712
005 20200929151505.0
008 820210s1989 sp b 001 0 spa
020 _a8470395416
040 _aDO-SdBNP
_bspa
_cBNPHU
082 _a860.09
_bL792r, 1989.
100 1 _aLloréns, Vicente.
_913722
245 1 3 _aEl romanticismo español /
_cVicente Lloréns.
250 _a2a ed. corr.
260 _aMadrid :
_bCastalia,
_c1989.
300 _a599 p. ;
_c19 cm.
440 0 _aLiteratura y sociedad ;
_v48.
_912032
650 4 _aLiteratura española
_ySIGLO XIX
_xHistoria y crítica
_93060
650 4 _aRomanticismo
_zEspañol
_913723
999 _c4518
_d4518